| 000 | 00950nam a2200217 i 4500 | ||
|---|---|---|---|
| 001 | 53952 | ||
| 003 | ES-MaACL | ||
| 005 | 20250808082508.0 | ||
| 007 | t| | ||
| 008 | 931025s1882 sp ||||1| spa d | ||
| 100 | 1 |
_aFerrán, Ignacio María de. _950235 |
|
| 245 | 1 | 0 |
_aCartas a un arrepentido de la Internacional _b: las huelgas de trabajadores, las asociaciones de obreros y las cajas de ahorros / _cescritos... Ignacio María de Ferrán, premiados con accessit por la Real Academia de Ciencias Morales y Politicas en el concurso extraordinario de 1875. |
| 260 |
_aMadrid : _b[s.n.], _c1882 ( _fTip. Gutenberg á cargo de M. Salamanqués) |
||
| 300 |
_a93 p. ; _c20 cm. |
||
| 650 | 7 |
_aComunismo _2embne _911211 |
|
| 650 | 7 |
_aDerecho al trabajo _2embne _9155717 |
|
| 710 | 2 |
_aReal Academia de Ciencias Morales y Políticas (España) _9222050 |
|
| 852 |
_aES-MaACL _j1636-F-14 |
||
| 852 |
_aES-MaACL _jT-400-F-2 |
||
| 999 |
_c53952 _d53952 |
||